Modelovanie reverznej logistiky - optimalizácia procesov recyklácie a likvidácie odpadu
Salvato in:
| Autore principale: | |
|---|---|
| Ente Autore: | |
| Altri autori: | , , , , |
| Natura: | Libro |
| Lingua: | slovacco |
| Pubblicazione: |
Bratislava
Vydavateľstvo EKONÓM
2009
|
| Soggetti: | |
| Tags: |
Nessun Tag, puoi essere il primo ad aggiungerne!!
|
MARC
| LEADER | 00000nam$a2200000$$$4500 | ||
|---|---|---|---|
| 001 | 0107003 | ||
| 005 | 20240502072201.0 | ||
| 020 | |a 978-80-225-2825-2 | ||
| 041 | 0 | |a slo | |
| 044 | |a SK | ||
| 245 | 1 | 0 | |a Modelovanie reverznej logistiky - optimalizácia procesov recyklácie a likvidácie odpadu |
| 264 | 1 | |a Bratislava |b Vydavateľstvo EKONÓM |c 2009 | |
| 300 | |a 220 s. [15,391 AH] | ||
| 610 | 2 | 0 | |a logistika reverzná |
| 610 | 2 | 0 | |a modelovanie matematické |
| 610 | 2 | 0 | |a recyklácia odpadu |
| 610 | 2 | 0 | |a likvidácia odpadu |
| 610 | 2 | 0 | |a riadenie zásob |
| 610 | 2 | 0 | |a sklady |
| 610 | 2 | 0 | |a hospodárstvo skladové |
| 100 | 1 | |a Brezina, Ivan, 1963- | |
| 700 | 1 | |a Čičková, Zuzana, 1978- | |
| 700 | 1 | |a Gežík, Pavel, 1983- | |
| 700 | 1 | |a Pekár, Juraj, 1972- | |
| 700 | 1 | |a Ivaničová, Zlatica | |
| 700 | 1 | |a Dupaľ, Andrej | |
| 710 | 2 | |a Ekonomická univerzita v Bratislave. Fakulta hospodárskej informatiky | |